00457nam a2200157Ia 4500008004100000040001800041041000800059100001900067245002900086260005100115300001800166600004400184650001200228650002500240650003400265130821s1935 ag gr spa  aCo-BoUCMbspa aspa aRojas, Ricardo aCervantescRicardo Rojas aBuenos Aires (Argentina)bJ. Roldan Cia.c1935 a424 páginas aCervantes Saavedra Miguel ded1547-161604aEnsayos04aLiteratura argentina04aLiteratura argentinavEnsayos